Sermón que predicó en la Santa Catedral de México el Sr. Dr. D. Pedro González, prebendado de la misma, en la solemne función...

Detalles Bibliográficos
Autor principal: GONZALEZ, Pedro
Formato: Libro
Publicado: México 1815
Materias:
Colección:Banco de datos
Acervo:Biblioteca del Ex Convento de Nuestra Señora de Guadalupe. Zacatecas
Tema general:Homilética
Notas:Buena. XI,8,5(3726). Encuadernado en un solo volumen con 10 sermones más a la Virgen María. Portada presenta pequeño ex libris manuscrito del P. Zubía. Sin marca de fuego
LEADER 00969nam a22001930004500
035 |a 42747 
036 |a 3931 
100 1 |a GONZALEZ, Pedro 
245 1 0 |a Sermón que predicó en la Santa Catedral de México el Sr. Dr. D. Pedro González, prebendado de la misma, en la solemne función... 
260 |a México  |b ed. Pedro Fonté, y el Dean de la Iglesia Metropolitana, imp. María Fernández de Jáuregui  |c 1815 
500 |a Buena. XI,8,5(3726). Encuadernado en un solo volumen con 10 sermones más a la Virgen María. Portada presenta pequeño ex libris manuscrito del P. Zubía. Sin marca de fuego 
650 1 0 |a Homilética 
949 |a CRZ-CG 
959 |a Ex convento de Nuestra Señora de Guadalupe, Museo Regional de Zacatecas, Zacatecas  |b CCC4 
960 |a Convento de Nuestra Señora de Guadalupe, Zacatecas  |b DD87 
961 |a Franciscana  |b OF 
942 |c CRZ-CG 
943 |g Biblioteca del Ex Convento de Nuestra Señora de Guadalupe. Zacatecas 
999 |c 966874  |d 966874